000 00854nam a2200217 i 4500
001 15487
003 ES-MaACL
005 20240314063021.0
007 t|
008 000323s1967 fr ||||1| fre d
080 _a821.133.1-82"17"
100 1 _aSade,
_cmarquis de,
_d1740-1814
_9101276
245 1 0 _aVoyage d'Italie, précédé des premières oeuvres, suivi de opuscules sur le théatre /
_cMarquis de Sade ; publiés pour la première fois sur les manuscrits autographes inédites par Gilbert Lely et Georges Daumas ; textes critiques par Pierre Klossowski ... [et al.].
260 _a[S.l.] :
_bTchou,
_c[1967]
300 _aXXI, 660 p. ;
_c21 cm.
700 1 _aLely, Gilbert.
_971443
700 1 _aDaumas, Georges.
_942822
700 1 _aKlossowski, Pierre.
_968294
852 _aES-MaACL
_jG-2118
_bR.124525
999 _c15487
_d15487